Arctic governance : Power in cross-border cooperation (Record no. 44617)
[ view plain ]
| 000 -LEADER | |
|---|---|
| fixed length control field | 01662nam a2200241Ia 4500 |
| 000 - LEADER | |
| fixed length control field | 02540naaa 00433uu |
| 001 - CONTROL NUMBER | |
| control field | https://directory.doabooks.org/handle/20.500.12854/35696 |
| 008 - FIXED-LENGTH DATA ELEMENTS--GENERAL INFORMATION | |
| fixed length control field | 211013s9999 xx 000 0 und d |
| 024 ## - OTHER STANDARD IDENTIFIER | |
| Standard number or code | 10.7765/9781526131645 |
| 042 ## - AUTHENTICATION CODE | |
| Authentication code | dc |
| 245 #0 - TITLE STATEMENT | |
| Title | Arctic governance : Power in cross-border cooperation |
| 260 ## - PUBLICATION, DISTRIBUTION, ETC. | |
| Name of publisher, distributor, etc. | Manchester University Press |
| Date of publication, distribution, etc. | 2018 |
| 300 ## - PHYSICAL DESCRIPTION | |
| Extent | 1 electronic resource (176 p.) |
| 520 ## - SUMMARY, ETC. | |
| Summary, etc. | This book seeks to pose and explore a question that sheds light on the contested but largely cooperative nature of Arctic governance in the post-Cold War period: how does power matter - and how has it mattered - in shaping cross-border cooperation and diplomacy in the Arctic? Each chapter functions as a window through which power relations in the Arctic are explored. Issues include how representing the Arctic region matters for securing preferred outcomes, how circumpolar cooperation is marked by regional hierarchies and how Arctic governance has become a global social site in its own right, replete with disciplining norms for steering diplomatic behaviour. This book draws upon Russia's role in the Arctic Council as an extended case study and examines how Arctic cross-border governance can be understood as a site of competition over the exercise of authority. |
| 540 ## - TERMS GOVERNING USE AND REPRODUCTION NOTE | |
| Terms governing use and reproduction | Creative Commons |
| 653 ## - INDEX TERM--UNCONTROLLED | |
| Uncontrolled term | russia |
| 700 1# - ADDED ENTRY--PERSONAL NAME | |
| Personal name | Wilson Rowe, Elana |
| 856 ## - ELECTRONIC LOCATION AND ACCESS | |
| Uniform Resource Identifier | <a href="https://library.oapen.org/bitstream/20.500.12657/29988/1/650559.pdf">https://library.oapen.org/bitstream/20.500.12657/29988/1/650559.pdf</a> |
| 856 ## - ELECTRONIC LOCATION AND ACCESS | |
| Uniform Resource Identifier | <a href="https://library.oapen.org/bitstream/20.500.12657/29988/1/650559.pdf">https://library.oapen.org/bitstream/20.500.12657/29988/1/650559.pdf</a> |
| 856 ## - ELECTRONIC LOCATION AND ACCESS | |
| Uniform Resource Identifier | <a href="www.oapen.org">www.oapen.org</a> |
| 942 ## - ADDED ENTRY ELEMENTS (KOHA) | |
| Koha item type | E-Book |
| Withdrawn status | Source of classification or shelving scheme | Damaged status | Not for loan | Home library | Current library | Date acquired | Total Checkouts | Date last seen | Price effective from | Koha item type |
|---|---|---|---|---|---|---|---|---|---|---|
| Library of Congress Classification | Not For Loan | Directory of Open Access Books | Directory of Open Access Books | 12/22/2021 | 12/22/2021 | 12/22/2021 | E-Book |